| 000 | 01215nam a22002775a 4500 | ||
|---|---|---|---|
| 003 | OSt | ||
| 005 | 20170412130853.0 | ||
| 008 | 160922s2013 ua frb 000 0 ara d | ||
| 015 | _a2014 / 23907 | ||
| 020 | _a9789770473375 | ||
| 040 |
_aEG-ScBUE _bara _cEG-ScBUE |
||
| 043 |
_an-us--- _af-ua--- |
||
| 082 | 0 | 4 |
_a346.0926 _bز غ ل _222 |
| 100 | 1 | _aزغلول، هشام أحمد ماهر. | |
| 245 | 1 | 2 |
_aالمسؤلية المدنية لشركات السمسرة في الأوراق المالية / _cهشام أحمد ماهر زغلول. |
| 250 | _aط. 1. | ||
| 260 |
_aالقاهرة : _bدار النهضة العربية، _c2013. |
||
| 300 |
_a772 ص. ؛ _c24 سم. |
||
| 504 | _aيشتمل على إرجاعات ببليوجرافية. | ||
| 650 | 7 |
_2BUEsh _aالأوراق المالية _xقوانين وتشريعات _zمصر. |
|
| 650 | 7 |
_aالأوراق المالية _2BUEsh _xقوانين وتشريعات _zالولايات المتحدة الأمريكية. |
|
| 650 | 7 |
_aالسمسرة _xقوانين وتشريعات _zمصر. |
|
| 650 | 7 |
_aالسمسرة _xقوانين وتشريعات _zالولايات المتحدة الأمريكية. |
|
| 653 |
_bLLAAWW _cApril2017 |
||
| 942 | _2ddc | ||
| 999 |
_c24663 _d24635 |
||